000 00409cam a2200169 4500
001 D15026
008 090401t1964 xxu||||| |||| 00| 0 eng d
035 _a(Sirsi) u19693
041 _aeng
110 _aRoyal Institution of Chartered Surveyors
_94900
245 _aAgricultural buildings
260 _bRICS
_c1964
350 _a0
520 _aFiled in box 1964/21 A
942 _n0
948 _c04/03/1997
999 _c87699
_d87699